Teatime : fashionable new tea shops

Bibliographic Details
Main Author: Zender
Format: Book
Published: Australia : The Images Publishing Group Pty Ltd , 2019
Subjects:

MARC

LEADER 00000cam a2200000 7i4500
001 0000278781
005 20210106145356.0
020 |a 9781864708325 
090 0 0 |a 747.8571   |b ZEN 
100 1 |a Zender 
245 1 0 |a Teatime :   |b fashionable new tea shops   |c Zender 
260 |a Australia :   |b The Images Publishing Group Pty Ltd ,   |c 2019 
300 |a 247p. :   |b col.,ill. ;   |c 25cm. 
650 0 |a Tearooms   |x Decoration 
999 |a 00384011   |b BUKU   |c PINJAMAN   |e PERPUSTAKAAN KOMUNITI CAW BANDAR UTAMA 
999 |a 00384466   |b BUKU   |c PINJAMAN   |e PERPUSTAKAAN KOMUNITI PETALING JAYA